Ontologie

Guardat en:
Dades bibliogràfiques
Autor principal: Grenet, Paul-Bernard (Autor)
Format: Llibre
Idioma:francès
Publicat: París Beauchesne et ses Fils 1959
Col·lecció:Cours de Philosophie Thomiste
Matèries:
Etiquetes: Afegir etiqueta
Sense etiquetes, Sigues el primer a etiquetar aquest registre!

MARC

LEADER 00000nam a2200000 a 4500
001 UCZ3602
003 CL-VaPUC
008 951027e19590000FR |||||||||||||||||fre|d
082 0 4 |a 111  |b GRE  |2 21 
100 |a Grenet, Paul-Bernard  |e author  |9 539891 
245 1 0 |a Ontologie 
300 |a 215 p 
942 |c BK 
945 |d 19951027 00:00:00  |a rleighto 
260 |a París  |b Beauchesne et ses Fils  |c 1959 
650 0 |a Ontología   |9 256850 
650 0 |a Filosofía   |9 223554 
650 0 |a Universo  |9 266563 
650 0 |a Existencia   |9 347398 
583 |a last modification  |c 19951027 00:00:00  |k Rodrigo Vera 
490 0 |a Cours de Philosophie Thomiste 
999 |c 240060  |d 240058 
952 |0 0  |1 0  |4 0  |6 111_000000000000000_GRE_1959  |7 0  |8 P  |9 251654  |a BIBEDU  |b BIBEDU  |c BIBEDU_PB  |d 2019-11-18  |i 312584K  |o 111 GRE 1959  |p 312584K  |r 2024-01-25  |w 2019-11-18  |y BK  |k FIL